| 000 | 00442nam a2200097Ia 4500 | ||
|---|---|---|---|
| 008 | 180130s9999 xx 000 0 und d | ||
| 245 |
_cGiroud, Axele; Ha, Yoo Jung; Yamin, Mo _aInnovation initiative within foreign subsidiaries in South Korea: determinants and outcomes |
||
| 260 | _c2013 | ||
| 300 | _aBook title: Innovation and creativity : pillars of the future global economy--Acession number C17287; pages 223-241 | ||
| 650 | _aGLOBAL ECONOMY | ||
| 999 |
_c354588 _d354588 |
||